[Event "2024 US National High School (K-12) Championship"]
[Site "Baltimore, Maryland, United States"]
[Date "2024.04.06"]
[Round "3.19"]
[White "Adhyam, Agustya"]
[Black "Underwood, Toshinori"]
[Result "0-1"]
[TimeControl "G/90; d10"]
[WhiteFideId "39938670"]
[BlackFideId "30941555"]
[WhiteElo "1726"]
[BlackElo "2257"]

1. e4 {[%clk 01:30:00]} {[%emt 00:15:58]} e5 {[%clk 01:30:00]} {[%emt
00:00:03]} 2. Nf3 {[%clk 01:30:00]} {[%emt 00:00:04]} Nc6 {[%clk 01:30:00]}
{[%emt 00:00:02]} 3. Bc4 {[%clk 01:30:00]} {[%emt 00:00:06]} Nf6 {[%clk
01:30:00]} {[%emt 00:00:03]} 4. Ng5 {[%clk 01:30:00]} {[%emt 00:00:07]} d5
{[%clk 01:29:15]} {[%emt 00:00:56]} 5. exd5 {[%clk 01:30:00]} {[%emt 00:00:07]}
Na5 {[%clk 01:29:15]} {[%emt 00:00:01]} 6. Bb5+ {[%clk 01:30:00]} {[%emt
00:00:08]} c6 {[%clk 01:29:15]} {[%emt 00:00:03]} 7. dxc6 {[%clk 01:30:00]}
{[%emt 00:00:07]} bxc6 {[%clk 01:29:15]} {[%emt 00:00:07]} 8. Be2 {[%clk
01:30:00]} {[%emt 00:00:08]} Nd5 {[%clk 01:28:16]} {[%emt 00:01:09]} 9. d4
{[%clk 01:25:29]} {[%emt 00:04:42]} Be7 {[%clk 01:20:58]} {[%emt 00:07:28]} 10.
Nf3 {[%clk 01:21:26]} {[%emt 00:04:13]} e4 {[%clk 01:19:39]} {[%emt 00:01:29]}
11. Ne5 {[%clk 01:20:21]} {[%emt 00:01:15]} f6 {[%clk 01:01:24]} {[%emt
00:18:25]} 12. Nc4 {[%clk 01:19:40]} {[%emt 00:00:51]} O-O {[%clk 01:00:31]}
{[%emt 00:01:03]} 13. O-O {[%clk 01:15:59]} {[%emt 00:03:51]} f5 {[%clk
00:51:46]} {[%emt 00:08:55]} 14. Nxa5 {[%clk 01:09:59]} {[%emt 00:06:11]} Qxa5
{[%clk 00:51:46]} {[%emt 00:00:05]} 15. f3 {[%clk 01:09:37]} {[%emt 00:00:31]}
Bf6 {[%clk 00:50:48]} {[%emt 00:01:08]} 16. fxe4 {[%clk 01:02:40]} {[%emt
00:07:08]} fxe4 {[%clk 00:50:26]} {[%emt 00:00:32]} 17. c3 {[%clk 00:56:16]}
{[%emt 00:06:34]} Re8 {[%clk 00:35:01]} {[%emt 00:15:35]} 18. Na3 {[%clk
00:48:50]} {[%emt 00:07:37]} Qc7 {[%emt 00:21:01]} 19. Nc2 {[%clk 00:40:08]}
{[%emt 00:00:06]} Be6 {[%clk 00:21:16]} {[%emt 00:01:50]} 20. Ne3 {[%clk
00:36:41]} {[%emt 00:03:36]} Rad8 {[%clk 00:20:28]} {[%emt 00:00:58]} 21. Nxd5
{[%clk 00:35:50]} {[%emt 00:01:02]} Bxd5 {[%clk 00:20:13]} {[%emt 00:00:25]} 22.
Be3 {[%clk 00:31:35]} {[%emt 00:04:24]} Be7 {[%clk 00:16:05]} {[%emt 00:04:19]}
23. Bf4 {[%clk 00:25:55]} {[%emt 00:05:50]} Bd6 {[%clk 00:16:05]} {[%emt
00:00:06]} 24. Bxd6 {[%emt 00:00:46]} Rxd6 {[%clk 00:15:56]} {[%emt 00:00:05]}
25. Qd2 {[%clk 00:23:59]} {[%emt 00:01:44]} e3 {[%clk 00:15:23]} {[%emt
00:00:42]} 26. Qe1 {[%clk 00:20:14]} {[%emt 00:03:55]} Rh6 {[%clk 00:15:23]}
{[%emt 00:00:07]} 27. Qg3 {[%clk 00:19:01]} {[%emt 00:01:25]} Rg6 {[%clk
00:11:44]} {[%emt 00:03:50]} 28. Qxc7 {[%clk 00:18:50]} {[%emt 00:00:22]} Rxg2+
{[%clk 00:11:44]} {[%emt 00:00:09]} 29. Kh1 {[%clk 00:18:50]} {[%emt 00:00:04]}
Rxe2+ {[%clk 00:11:44]} {[%emt 00:00:03]} 30. Kg1 {[%clk 00:18:22]} {[%emt
00:00:38]} Rg2+ {[%clk 00:11:44]} {[%emt 00:00:03]} 31. Kh1 {[%clk 00:18:22]}
{[%emt 00:00:07]} Rg6+ {[%clk 00:11:44]} 0-1

[Event "2024 US National High School (K-12) Championship"]
[Site "Baltimore, Maryland, United States"]
[Date "2024.04.06"]
[Round "3.20"]
[White "Raitzin, Misha"]
[Black "Nasta, Kiren"]
[Result "0-1"]
[TimeControl "G/90; d10"]
[WhiteFideId "39921077"]
[BlackFideId "30943612"]
[WhiteElo "1696"]
[BlackElo "2241"]

1. e4 {[%clk 01:30:00]} e5 {[%clk 01:30:00]} {[%emt 00:00:03]} 2. Nf3 {[%clk
01:30:00]} {[%emt 00:00:04]} Nc6 {[%clk 01:30:00]} {[%emt 00:00:04]} 3. Bc4
{[%clk 01:30:00]} {[%emt 00:00:04]} Nf6 {[%clk 01:30:00]} {[%emt 00:00:03]} 4.
d4 {[%clk 01:30:00]} {[%emt 00:00:05]} exd4 {[%clk 01:30:00]} {[%emt 00:00:06]}
5. e5 {[%clk 01:30:00]} {[%emt 00:00:07]} d5 {[%clk 01:30:00]} {[%emt
00:00:06]} 6. Bb5 {[%clk 01:30:00]} {[%emt 00:00:04]} Ne4 {[%clk 01:29:59]}
{[%emt 00:00:11]} 7. Nxd4 {[%clk 01:30:00]} {[%emt 00:00:06]} Bd7 {[%clk
01:29:54]} {[%emt 00:00:16]} 8. Bxc6 {[%clk 01:30:00]} {[%emt 00:00:09]} bxc6
{[%clk 01:29:54]} {[%emt 00:00:03]} 9. O-O {[%clk 01:30:00]} {[%emt 00:00:08]}
Be7 {[%clk 01:29:37]} {[%emt 00:00:26]} 10. f3 {[%clk 01:27:22]} {[%emt
00:02:49]} Nc5 {[%clk 01:25:17]} {[%emt 00:04:31]} 11. f4 {[%clk 01:27:10]}
{[%emt 00:00:21]} O-O {[%clk 01:25:17]} {[%emt 00:00:05]} 12. f5 {[%clk
01:26:07]} {[%emt 00:01:13]} Ne4 {[%clk 01:24:39]} {[%emt 00:00:48]} 13. Nc3
{[%clk 01:26:07]} {[%emt 00:00:08]} Bc5 {[%clk 01:23:56]} {[%emt 00:00:52]} 14.
Nxe4 {[%clk 01:26:07]} {[%emt 00:00:09]} dxe4 {[%clk 01:23:56]} {[%emt
00:00:08]} 15. Kh1 {[%clk 01:26:07]} {[%emt 00:00:02]} Re8 {[%clk 01:22:57]}
{[%emt 00:01:09]} 16. Bf4 {[%clk 01:26:07]} {[%emt 00:00:09]} Bc8 {[%emt
00:10:06]} 17. Be3 {[%clk 01:19:16]} {[%emt 00:05:20]} Ba6 {[%clk 01:04:29]}
{[%emt 00:10:23]} 18. Re1 {[%clk 01:11:59]} {[%emt 00:07:26]} Rxe5 {[%clk
01:01:55]} {[%emt 00:02:44]} 19. b4 {[%clk 01:05:07]} {[%emt 00:07:03]} Bxd4
{[%clk 00:58:16]} {[%emt 00:03:49]} 20. Bxd4 {[%clk 01:04:45]} {[%emt
00:00:32]} Rxf5 {[%clk 00:57:44]} {[%emt 00:00:43]} 21. Qg4 {[%clk 01:03:43]}
{[%emt 00:01:11]} Rg5 {[%clk 00:43:10]} {[%emt 00:14:44]} 22. Qxe4 {[%clk
01:03:38]} {[%emt 00:00:15]} Qd7 {[%clk 00:42:39]} {[%emt 00:00:42]} 23. Qe7
{[%clk 01:01:30]} {[%emt 00:02:17]} Qxe7 {[%clk 00:39:06]} {[%emt 00:03:44]} 24.
Rxe7 {[%clk 01:01:30]} {[%emt 00:00:02]} Bc4 {[%clk 00:35:51]} {[%emt
00:03:24]} 25. Kg1 {[%clk 00:49:38]} {[%emt 00:12:02]} h6 {[%clk 00:32:57]}
{[%emt 00:03:05]} 26. Rxc7 {[%clk 00:45:22]} {[%emt 00:04:26]} Bd5 {[%clk
00:31:29]} {[%emt 00:01:39]} 27. g3 {[%clk 00:45:19]} {[%emt 00:00:12]} Re8
{[%clk 00:28:41]} {[%emt 00:02:58]} 28. Rf1 {[%clk 00:39:23]} {[%emt 00:06:06]}
Bc4 {[%clk 00:26:46]} {[%emt 00:02:05]} 29. Rf4 {[%clk 00:34:14]} {[%emt
00:05:18]} Re1+ {[%clk 00:25:47]} {[%emt 00:01:10]} 30. Kg2 {[%clk 00:33:44]}
{[%emt 00:00:40]} Bd5+ {[%clk 00:24:44]} {[%emt 00:01:13]} 31. Kf2 {[%clk
00:33:11]} {[%emt 00:00:43]} Rc1 {[%clk 00:24:15]} {[%emt 00:00:39]} 32. Rxa7
{[%clk 00:27:25]} {[%emt 00:05:56]} Rxc2+ {[%clk 00:23:27]} {[%emt 00:00:59]}
33. Ke1 {[%clk 00:26:48]} {[%emt 00:00:41]} Rxh2 {[%clk 00:22:52]} {[%emt
00:00:51]} 34. Bf2 {[%clk 00:26:31]} {[%emt 00:00:27]} Re5+ {[%clk 00:20:14]}
{[%emt 00:02:48]} 35. Kf1 {[%clk 00:26:25]} {[%emt 00:00:15]} g5 {[%clk
00:16:57]} {[%emt 00:03:28]} 36. Bd4 {[%clk 00:20:24]} {[%emt 00:06:11]} gxf4
{[%clk 00:11:40]} {[%emt 00:05:28]} 37. Bxe5 {[%clk 00:20:24]} {[%emt
00:00:01]} f3 {[%clk 00:11:40]} {[%emt 00:00:09]} 38. Ra8+ {[%clk 00:14:26]}
{[%emt 00:06:08]} Kh7 {[%clk 00:11:40]} {[%emt 00:00:02]} 39. Rh8+ {[%clk
00:13:53]} {[%emt 00:00:43]} Kg6 {[%clk 00:11:40]} {[%emt 00:00:02]} 40. Rg8+
{[%clk 00:13:53]} {[%emt 00:00:02]} Kf5 {[%clk 00:11:40]} {[%emt 00:00:03]} 41.
Bd4 {[%clk 00:13:53]} {[%emt 00:00:10]} Bc4+ {[%clk 00:11:00]} {[%emt
00:00:50]} 42. Ke1 {[%clk 00:12:22]} {[%emt 00:01:40]} Re2+ {[%clk 00:10:56]}
{[%emt 00:00:15]} 43. Kd1 {[%clk 00:12:22]} f2 {[%clk 00:10:34]} {[%emt
00:00:32]} 44. Bxf2 {[%clk 00:12:22]} {[%emt 00:00:07]} Rxf2 {[%clk 00:10:34]}
{[%emt 00:00:04]} 45. a4 {[%clk 00:12:22]} {[%emt 00:00:07]} Ra2 {[%clk
00:09:44]} {[%emt 00:01:00]} 46. g4+ {[%clk 00:12:15]} {[%emt 00:00:17]} Kf4
{[%clk 00:09:03]} {[%emt 00:00:52]} 47. Rh8 {[%clk 00:12:13]} {[%emt 00:00:12]}
Rxa4 {[%clk 00:08:49]} {[%emt 00:00:23]} 48. Rxh6 {[%clk 00:12:13]} {[%emt
00:00:04]} Rxb4 {[%clk 00:08:42]} {[%emt 00:00:17]} 49. Rxc6 {[%clk 00:12:13]}
{[%emt 00:00:04]} Kxg4 {[%clk 00:08:42]} {[%emt 00:00:06]} 50. Kc2 {[%clk
00:12:13]} {[%emt 00:00:02]} Bd5 {[%clk 00:08:35]} {[%emt 00:00:18]} 51. Rd6
{[%clk 00:12:13]} {[%emt 00:00:06]} Be6 {[%clk 00:08:17]} {[%emt 00:00:29]} 52.
Kc3 {[%clk 00:12:13]} {[%emt 00:00:05]} Re4 {[%clk 00:08:17]} {[%emt 00:00:07]}
53. Kd3 {[%clk 00:12:13]} {[%emt 00:00:03]} Re5 {[%clk 00:08:11]} {[%emt
00:00:16]} 54. Rd4+ {[%clk 00:12:07]} {[%emt 00:00:15]} Kf3 {[%clk 00:08:09]}
{[%emt 00:00:11]} 55. Rh4 {[%clk 00:12:07]} {[%emt 00:00:05]} Bg4 {[%clk
00:07:44]} {[%emt 00:00:35]} 56. Kd4 {[%clk 00:12:07]} {[%emt 00:00:06]} Re4+
{[%clk 00:07:44]} {[%emt 00:00:06]} 57. Kd3 {[%clk 00:12:07]} {[%emt 00:00:02]}
f5 {[%clk 00:07:44]} {[%emt 00:00:07]} 58. Rh1 {[%clk 00:12:07]} {[%emt
00:00:05]} Re8 {[%clk 00:07:41]} {[%emt 00:00:13]} 59. Rf1 {[%clk 00:12:07]}
{[%emt 00:00:06]} Kg2 {[%clk 00:07:41]} {[%emt 00:00:03]} 60. Rf4 {[%clk
00:12:07]} {[%emt 00:00:03]} Kg3 {[%clk 00:07:41]} {[%emt 00:00:04]} 61. Ra4
{[%clk 00:11:47]} {[%emt 00:00:30]} f4 {[%clk 00:07:41]} {[%emt 00:00:09]} 62.
Ra1 {[%clk 00:11:47]} {[%emt 00:00:03]} f3 {[%clk 00:07:41]} {[%emt 00:00:08]}
0-1

[Event "2024 US National High School (K-12) Championship"]
[Site "Baltimore, Maryland, United States"]
[Date "2024.04.06"]
[Round "3.21"]
[White "Chen, Kory"]
[Black "Aggarwal, Raghav"]
[Result "1-0"]
[TimeControl "G/90; d10"]
[BlackFideId "30970911"]
[WhiteElo "1672"]
[BlackElo "1858"]

1. e4 {[%clk 01:30:00]} {[%emt 00:00:10]} c5 {[%clk 01:22:12]} {[%emt
00:07:52]} 2. Nf3 {[%clk 01:30:00]} {[%emt 00:00:04]} d6 {[%clk 01:22:12]}
{[%emt 00:00:08]} 3. d4 {[%clk 01:30:00]} cxd4 {[%clk 01:22:12]} {[%emt
00:00:03]} 4. Nxd4 {[%clk 01:30:00]} {[%emt 00:00:07]} Nf6 {[%clk 01:22:06]}
{[%emt 00:00:14]} 5. Nc3 {[%clk 01:30:00]} {[%emt 00:00:08]} a6 {[%clk
01:22:06]} {[%emt 00:00:28]} 6. Be2 {[%clk 01:30:00]} {[%emt 00:00:04]} e5
{[%clk 01:22:06]} 7. Nb3 {[%clk 01:30:00]} Be7 {[%clk 01:22:06]} 8. O-O {[%clk
01:30:00]} {[%emt 00:00:04]} O-O {[%clk 01:22:06]} {[%emt 00:00:04]} 9. Be3
{[%clk 01:28:13]} {[%emt 00:01:53]} Be6 {[%clk 01:20:55]} {[%emt 00:01:21]} 10.
Qd2 {[%clk 01:23:22]} {[%emt 00:05:00]} d5 {[%clk 01:16:23]} {[%emt 00:04:43]}
11. exd5 {[%clk 01:21:28]} {[%emt 00:02:26]} Nxd5 {[%clk 01:16:09]} {[%emt
00:00:06]} 12. Nxd5 {[%clk 01:03:41]} {[%emt 00:18:02]} Bxd5 {[%clk 01:12:43]}
{[%emt 00:03:50]} 13. c4 {[%clk 00:58:40]} {[%emt 00:04:49]} Be6 {[%clk
01:11:06]} {[%emt 00:01:45]} 14. f4 {[%clk 00:53:56]} {[%emt 00:05:18]} exf4
{[%clk 01:09:51]} {[%emt 00:00:59]} 15. Qxd8 {[%clk 00:52:56]} Rxd8 {[%clk
01:09:29]} {[%emt 00:01:42]} 16. Bxf4 {[%clk 00:52:53]} {[%emt 00:00:38]} Nc6
{[%clk 01:08:46]} {[%emt 00:00:28]} 17. Rad1 {[%clk 00:40:51]} {[%emt
00:12:15]} Bf6 {[%clk 01:07:28]} {[%emt 00:01:28]} 18. Bc1 {[%clk 00:40:18]}
{[%emt 00:00:59]} Rac8 {[%clk 01:05:44]} {[%emt 00:01:38]} 19. Nd2 {[%clk
00:33:03]} {[%emt 00:07:22]} Nd4 {[%clk 00:57:03]} {[%emt 00:08:59]} 20. Bd3
{[%clk 00:32:35]} {[%emt 00:01:01]} Bg4 {[%clk 00:55:10]} {[%emt 00:01:35]} 21.
Rde1 {[%clk 00:31:18]} {[%emt 00:01:24]} Bg5 {[%clk 00:50:05]} {[%emt
00:05:16]} 22. Ne4 {[%clk 00:27:56]} {[%emt 00:03:31]} Bxc1 {[%clk 00:49:42]}
{[%emt 00:00:39]} 23. Rxc1 {[%clk 00:27:56]} {[%emt 00:00:04]} Ne2+ {[%clk
00:49:35]} {[%emt 00:00:17]} 24. Bxe2 {[%clk 00:27:51]} {[%emt 00:00:13]} Bxe2
{[%clk 00:49:35]} {[%emt 00:00:13]} 25. Rfe1 {[%clk 00:26:50]} {[%emt
00:01:06]} Bxc4 {[%clk 00:47:21]} {[%emt 00:02:20]} 26. Nd6 {[%clk 00:21:40]}
{[%emt 00:05:22]} Rxd6 {[%clk 00:46:20]} {[%emt 00:01:10]} 27. Rxc4 {[%clk
00:21:14]} {[%emt 00:00:36]} Rcd8 {[%clk 00:46:03]} {[%emt 00:00:31]} 28. Rc7
{[%clk 00:21:12]} {[%emt 00:00:11]} b5 {[%clk 00:45:56]} {[%emt 00:00:31]} 29.
Ree7 {[%clk 00:18:48]} {[%emt 00:02:47]} Rf6 {[%clk 00:45:02]} {[%emt
00:00:34]} 30. Rcd7 {[%clk 00:18:26]} {[%emt 00:00:32]} Rxd7 {[%clk 00:42:13]}
{[%emt 00:02:59]} 31. Re8# {[%emt 00:00:21]} 1-0

[Event "2024 US National High School (K-12) Championship"]
[Site "Baltimore, Maryland, United States"]
[Date "2024.04.06"]
[Round "3.22"]
[White "Sun, Ray Mingye"]
[Black "Alkin, Ido"]
[Result "1-0"]
[TimeControl "G/90; d10"]
[WhiteFideId "39906272"]
[WhiteElo "1659"]
[BlackElo "1839"]

1. e4 {[%clk 01:29:04]} {[%emt 00:01:08]} c5 {[%clk 01:30:00]} 2. d4 {[%clk
01:28:49]} {[%emt 00:00:15]} cxd4 {[%clk 01:29:39]} {[%emt 00:00:31]} 3. c3
{[%clk 01:28:49]} {[%emt 00:00:13]} dxc3 {[%clk 01:29:34]} {[%emt 00:00:15]} 4.
Nxc3 {[%clk 01:28:49]} Nc6 {[%clk 01:29:34]} {[%emt 00:00:10]} 5. Nf3 {[%clk
01:28:49]} {[%emt 00:00:03]} g6 {[%clk 01:28:29]} {[%emt 00:01:06]} 6. Bc4
{[%clk 01:28:49]} {[%emt 00:00:25]} Bg7 {[%clk 01:28:06]} {[%emt 00:00:36]} 7.
e5 {[%clk 01:28:10]} {[%emt 00:00:32]} Nh6 {[%clk 01:23:04]} {[%emt 00:05:42]}
8. O-O {[%clk 01:25:31]} {[%emt 00:02:15]} Ng4 {[%clk 01:18:56]} {[%emt
00:04:21]} 9. Bxf7+ {[%clk 01:02:17]} {[%emt 00:23:20]} Kxf7 {[%clk 01:17:27]}
{[%emt 00:02:10]} 10. Ng5+ {[%clk 01:02:17]} Kg8 {[%clk 01:16:16]} {[%emt
00:01:11]} 11. Qxg4 {[%clk 01:01:31]} {[%emt 00:00:41]} Nxe5 {[%clk 01:13:29]}
{[%emt 00:02:57]} 12. Qe4 {[%clk 00:55:22]} {[%emt 00:06:52]} e6 {[%clk
01:08:04]} {[%emt 00:05:04]} 13. Rd1 {[%clk 00:50:10]} {[%emt 00:05:20]} d5
{[%clk 01:04:34]} {[%emt 00:03:41]} 14. Bf4 {[%clk 00:41:52]} {[%emt 00:08:27]}
Qxg5 {[%clk 00:42:04]} {[%emt 00:22:39]} 15. Nxd5 {[%clk 00:31:33]} {[%emt
00:10:37]} Qg4 {[%clk 00:41:35]} {[%emt 00:00:32]} 16. Ne3 {[%clk 00:28:43]}
{[%emt 00:02:59]} Qh5 {[%clk 00:38:11]} {[%emt 00:03:35]} 17. Rac1 {[%clk
00:20:05]} {[%emt 00:08:52]} Nf7 {[%clk 00:31:51]} {[%emt 00:06:27]} 18. b4
{[%clk 00:17:20]} {[%emt 00:03:10]} Be5 {[%clk 00:30:28]} {[%emt 00:01:23]} 19.
Rc5 {[%clk 00:16:30]} {[%emt 00:00:53]} b6 {[%clk 00:23:33]} {[%emt 00:07:07]}
20. g4 {[%clk 00:13:56]} {[%emt 00:02:42]} Ng5 {[%clk 00:21:47]} {[%emt
00:02:05]} 21. Qxa8 {[%clk 00:11:38]} {[%emt 00:02:32]} Nh3+ {[%clk 00:19:23]}
{[%emt 00:02:23]} 22. Kf1 {[%clk 00:11:15]} {[%emt 00:00:30]} Qh4 {[%clk
00:17:24]} {[%emt 00:02:10]} 23. Qxc8+ {[%clk 00:10:56]} {[%emt 00:00:29]} Kf7
{[%clk 00:17:02]} {[%emt 00:00:47]} 24. Qb7+ {[%clk 00:10:12]} {[%emt
00:00:39]} 1-0

[Event "2024 US National High School (K-12) Championship"]
[Site "Baltimore, Maryland, United States"]
[Date "2024.04.06"]
[Round "3.23"]
[White "Kumar, Pranava"]
[Black "Jackson, Harper Ellis"]
[Result "1-0"]
[TimeControl "G/90; d10"]
[WhiteFideId "30949971"]
[WhiteElo "1599"]
[BlackElo "1385"]

1. e4 {[%clk 01:30:00]} {[%emt 00:00:24]} c6 {[%clk 01:30:00]} 2. d4 {[%clk
01:28:49]} {[%emt 00:01:45]} d5 {[%clk 01:30:00]} 3. exd5 {[%clk 01:28:49]}
cxd5 {[%clk 01:30:00]} {[%emt 00:00:04]} 4. c4 {[%clk 01:28:49]} dxc4 {[%clk
01:27:08]} {[%emt 00:02:45]} 5. Bxc4 {[%clk 01:27:21]} {[%emt 00:01:42]} Nc6
{[%clk 01:26:27]} {[%emt 00:01:03]} 6. Nf3 {[%clk 01:25:25]} {[%emt 00:01:49]}
Bg4 {[%clk 01:22:48]} {[%emt 00:04:39]} 7. O-O {[%clk 01:23:38]} {[%emt
00:01:55]} Nf6 {[%clk 01:22:25]} {[%emt 00:00:34]} 8. Be3 {[%clk 01:21:15]}
{[%emt 00:02:42]} e6 {[%clk 01:22:08]} {[%emt 00:00:20]} 9. Nc3 {[%clk
01:18:54]} {[%emt 00:02:31]} Be7 {[%clk 01:17:28]} {[%emt 00:04:47]} 10. d5
{[%clk 01:16:00]} {[%emt 00:03:07]} exd5 {[%clk 01:14:56]} {[%emt 00:02:48]} 11.
Nxd5 {[%clk 01:14:32]} {[%emt 00:01:58]} O-O {[%clk 01:13:55]} {[%emt
00:00:51]} 12. Re1 {[%clk 01:12:13]} {[%emt 00:02:21]} Ne5 {[%clk 01:10:32]}
{[%emt 00:03:33]} 13. Nxe7+ {[%clk 01:04:07]} {[%emt 00:08:15]} Qxe7 {[%clk
01:10:24]} {[%emt 00:00:25]} 14. Bd4 {[%clk 00:59:33]} {[%emt 00:04:36]} Nxf3+
{[%clk 00:50:11]} {[%emt 00:20:24]} 15. gxf3 {[%clk 00:58:57]} {[%emt
00:00:46]} Be6 {[%clk 00:50:11]} {[%emt 00:00:17]} 16. Rc1 {[%clk 00:55:08]}
{[%emt 00:03:44]} Rfd8 {[%clk 00:45:19]} {[%emt 00:05:02]} 17. Bxe6 {[%clk
00:51:17]} {[%emt 00:04:21]} fxe6 {[%clk 00:45:10]} 18. Bxf6 {[%clk 00:45:21]}
{[%emt 00:06:05]} gxf6 {[%clk 00:45:03]} {[%emt 00:00:22]} 19. Qb3 {[%clk
00:44:47]} {[%emt 00:00:39]} Kf7 {[%clk 00:43:22]} {[%emt 00:02:27]} 20. Rc4
{[%clk 00:40:24]} {[%emt 00:03:58]} Rg8+ {[%clk 00:42:24]} {[%emt 00:01:07]} 21.
Kf1 {[%clk 00:39:00]} {[%emt 00:01:34]} Rg6 {[%clk 00:40:37]} {[%emt 00:02:11]}
22. Rec1 {[%clk 00:38:08]} {[%emt 00:00:57]} Rd8 {[%clk 00:39:35]} {[%emt
00:01:01]} 23. Rc7 {[%clk 00:37:30]} {[%emt 00:00:48]} Rd7 {[%clk 00:39:31]}
{[%emt 00:00:15]} 24. Qxb7 {[%clk 00:36:58]} {[%emt 00:00:41]} Ke8 {[%clk
00:26:22]} {[%emt 00:13:21]} 25. Rxd7 {[%clk 00:36:44]} {[%emt 00:00:28]} Qxd7
{[%clk 00:25:39]} {[%emt 00:00:47]} 26. Rc8+ {[%clk 00:36:44]} {[%emt
00:00:12]} Ke7 {[%clk 00:24:49]} {[%emt 00:00:50]} 27. Rc7 {[%clk 00:36:44]}
{[%emt 00:00:14]} Qxc7 {[%clk 00:23:32]} {[%emt 00:01:14]} 28. Qxc7+ {[%clk
00:36:44]} {[%emt 00:00:07]} Kf8 {[%clk 00:23:32]} {[%emt 00:00:09]} 29. Qxa7
{[%clk 00:36:36]} {[%emt 00:00:15]} Rg7 {[%clk 00:23:23]} {[%emt 00:00:19]} 30.
Qb8+ {[%clk 00:36:36]} {[%emt 00:00:36]} Ke7 {[%clk 00:23:07]} {[%emt
00:00:08]} 31. Qc7+ {[%clk 00:35:43]} {[%emt 00:00:54]} Kf8 {[%clk 00:19:55]}
{[%emt 00:04:02]} 32. Qd8+ {[%clk 00:35:43]} Kf7 {[%clk 00:19:14]} {[%emt
00:00:28]} 33. Qd7+ {[%clk 00:35:43]} Kg6 {[%clk 00:19:11]} {[%emt 00:00:04]}
34. Qxe6 {[%clk 00:35:43]} {[%emt 00:00:03]} Ra7 {[%clk 00:18:26]} {[%emt
00:01:15]} 35. b4 {[%clk 00:35:40]} {[%emt 00:00:03]} Rc7 {[%clk 00:17:33]}
{[%emt 00:00:49]} 36. Kg2 {[%clk 00:35:35]} {[%emt 00:00:40]} Rc1 {[%clk
00:14:58]} {[%emt 00:02:53]} 37. f4 {[%clk 00:35:24]} Ra1 {[%clk 00:14:02]}
{[%emt 00:00:55]} 38. f5+ {[%clk 00:35:17]} {[%emt 00:00:20]} Kg5 {[%clk
00:13:24]} {[%emt 00:00:44]} 39. h4+ {[%clk 00:35:17]} {[%emt 00:00:40]} Kf4
{[%clk 00:10:50]} {[%emt 00:02:09]} 40. b5 {[%clk 00:34:05]} {[%emt 00:01:21]}
h5 {[%clk 00:10:22]} {[%emt 00:00:37]} 41. b6 {[%clk 00:34:05]} {[%emt
00:00:15]} Rb1 {[%clk 00:07:36]} {[%emt 00:02:48]} 42. Qe3+ {[%clk 00:33:46]}
{[%emt 00:00:28]} Kxf5 {[%clk 00:01:00]} {[%emt 00:09:34]} 43. Qd3+ {[%clk
00:32:42]} Kg4 {[%clk 00:01:00]} {[%emt 00:00:03]} 44. Qf3+ {[%clk 00:32:42]}
{[%emt 00:00:05]} Kxh4 {[%clk 00:01:00]} {[%emt 00:00:05]} 1-0